000 00593nam a2200205Ia 4500
005 20250326141215.0
008 250326s9999 xx 000 0 und d
020 _a0-256-14147-9
037 _aTextbook
040 _aFMSL
_beng
_cFMSL
041 _aeng
_2eng
084 _aX9W N5
_qFMSL
100 _aHisrich Robert D
245 0 _aEnterpreneurship: Strating developing and managing a new enterprise
_cHisrich Robert D; Peters Michael P
250 _a3
260 _aChicago
_bChicago, Irwin
_c1995
300 _axx,650
942 _cTB
_hX9W N5
999 _c1289223
_d1289223